[Event "Mittelfranken-chTB1 1617"]
[Site "Mittelfranken"]
[Date "2017.01.22"]
[Round "5.6"]
[White "Sikorsky, Horst"]
[Black "Naegelein, Franz Albert"]
[Result "1/2-1/2"]
[WhiteElo "1876"]
[BlackElo "1825"]
[PlyCount "39"]
[EventDate "2016.10.23"]
[EventType "team-tourn"]
[EventRounds "9"]
[EventCountry "GER"]
[SourceTitle "EXT 2022"]
[Source "ChessBase"]
[SourceDate "2021.10.06"]
[SourceVersion "1"]
[SourceVersionDate "2021.10.06"]
[SourceQuality "1"]
[WhiteTeam "Gunzenhausen"]
[BlackTeam "Postbauer Heng"]
[WhiteTeamCountry "GER"]
[BlackTeamCountry "GER"]

1. e4 e6 2. d4 d5 3. Nd2 Nf6 4. e5 Nfd7 5. Bd3 c5 6. c3 Nc6 7. Ndf3 cxd4 8. cxd4 Be7 9. Ne2 f5 10. h4 Nf8 11. Kf1 Qb6 12. a3 Bd7 13. b4 Rc8 14. g3 a6 15. Kg2 Na7 16. Be3 Bb5 17. Nf4 Ng6 18. Bxb5+ Nxb5 19. Nxg6 hxg6 20. Qd2 1/2-1/2

[Event "Mittelfranken-chTB1 1617"]
[Site "Mittelfranken"]
[Date "2016.12.11"]
[Round "4.6"]
[White "Naegelein, Franz Albert"]
[Black "Reuter, Roland"]
[Result "0-1"]
[WhiteElo "1825"]
[BlackElo "1861"]
[PlyCount "68"]
[EventDate "2016.10.23"]
[EventType "team-tourn"]
[EventRounds "9"]
[EventCountry "GER"]
[SourceTitle "EXT 2022"]
[Source "ChessBase"]
[SourceDate "2021.10.06"]
[SourceVersion "1"]
[SourceVersionDate "2021.10.06"]
[SourceQuality "1"]
[WhiteTeam "Postbauer Heng"]
[BlackTeam "Muehlhof/Schwabach"]
[WhiteTeamCountry "GER"]
[BlackTeamCountry "GER"]

1. e4 c5 2. Nf3 d6 3. d4 cxd4 4. Nxd4 Nf6 5. Nc3 g6 6. Be2 Bg7 7. Be3 Bd7 8. 0-0 Nc6 9. Rb1 Rc8 10. a3 a6 11. Nb3 Ne5 12. Bd4 Nc6 13. Be3 0-0 14. f4 b5 15. Bf3 Be6 16. Nd4 Nxd4 17. Bxd4 Qd7 18. h3 Rfd8 19. Bb6 Rf8 20. Rf2 Rc4 21. Rd2 Rb8 22. Bd4 a5 23. b3 Rc7 24. e5 Ne8 25. Ne4 Bf5 26. Nc3 Rbc8 27. Ne4 d5 28. Bf2 dxe4 29. Rxd7 Rxd7 30. Qe2 exf3 31. Qxf3 Rxc2 32. Qa8 Kf8 33. Rf1 Rdd2 34. Qxa5 Bd3 0-1

[Event "Mittelfranken-chTB1 0809"]
[Site "Mittelfranken"]
[Date "2009.02.08"]
[Round "6.8"]
[White "Jaeger, Peter"]
[Black "Naegelein, Franz Albert"]
[Result "1-0"]
[WhiteElo "1770"]
[BlackElo "1833"]
[PlyCount "87"]
[EventDate "2008.10.12"]
[EventType "team"]
[EventRounds "9"]
[EventCountry "GER"]
[SourceTitle "EXT 2011"]
[Source "ChessBase"]
[SourceDate "2010.11.26"]
[SourceVersion "1"]
[SourceVersionDate "2010.11.26"]
[SourceQuality "1"]
[WhiteTeam "Gunzenhausen/Weissenburg"]
[BlackTeam "Postbauer II"]
[WhiteTeamCountry "GER"]
[BlackTeamCountry "GER"]

1. d4 e6 2. Bf4 c5 3. d5 Qb6 4. Be5 f6 5. Bc3 e5 6. e3 Ne7 7. Na3 d6 8. Qh5+ g6 9. Qf3 Bg7 10. h4 f5 11. Qd1 Nd7 12. f4 Rg8 13. Nh3 Nf6 14. Nc4 Qd8 15. Nxd6+ Qxd6 16. fxe5 Qb6 17. exf6 Bxf6 18. Nf4 Bxc3+ 19. bxc3 Qd6 20. Rb1 a6 21. Qd2 Kf7 22. c4 Re8 23. Kf2 Ng8 24. Be2 Nf6 25. Bf3 b6 26. Rb3 Rb8 27. Nh3 Kg7 28. Qc3 Kg8 29. h5 gxh5 30. Nf4 Re7 31. Nxh5 Nxh5 32. Rxh5 Rg7 33. Qe1 Rbb7 34. Kf1 Rbe7 35. Qh4 Qe5 36. Rg5 Bd7 37. Rxg7+ Qxg7 38. Rxb6 Rxe3 39. Rb8+ Be8 40. Kf2 Re7 41. Qg3 Qxg3+ 42. Kxg3 Kg7 43. Rc8 Ba4 44. Rxc5 1-0

[Event "Mittelfranken-chTB1 0809"]
[Site "Mittelfranken"]
[Date "2008.12.07"]
[Round "3.8"]
[White "Naegelein, Franz Albert"]
[Black "Luther, Helmut"]
[Result "1-0"]
[WhiteElo "1833"]
[BlackElo "1930"]
[PlyCount "79"]
[EventDate "2008.10.12"]
[EventType "team"]
[EventRounds "9"]
[EventCountry "GER"]
[SourceTitle "EXT 2011"]
[Source "ChessBase"]
[SourceDate "2010.11.26"]
[SourceVersion "1"]
[SourceVersionDate "2010.11.26"]
[SourceQuality "1"]
[WhiteTeam "Postbauer II"]
[BlackTeam "Nuernberg Sued SW II"]
[WhiteTeamCountry "GER"]
[BlackTeamCountry "GER"]

1. d4 Nf6 2. Nf3 g6 3. c4 Bg7 4. g3 0-0 5. Bg2 c5 6. 0-0 cxd4 7. Nxd4 Nc6 8. e3 a6 9. Nc3 Qc7 10. b3 d6 11. Bb2 Nxd4 12. Qxd4 Be6 13. Ne2 Nh5 14. Qd2 Bxb2 15. Qxb2 Rab8 16. Rac1 Qc8 17. Qd4 Bh3 18. c5 Bxg2 19. Kxg2 Qc6+ 20. e4 e5 21. Qe3 d5 22. exd5 Qxd5+ 23. Kg1 Qe6 24. Rc4 Ng7 25. Re1 f6 26. Qf3 b5 27. cxb6 Rxb6 28. Rec1 Rd8 29. Qc3 f5 30. Rc7 Rbd6 31. Nf4 Qe8 32. Kg2 R6d7 33. Rxd7 Rxd7 34. Qc4+ Kh8 35. Nh3 Qa8+ 36. Qc6 Qxc6+ 37. Rxc6 Kg8 38. Rxa6 Nh5 39. Ng5 Kg7 40. b4 1-0

[Event "Regionalliga NO 0405"]
[Site "Bayern"]
[Date "2005.01.30"]
[Round "6.7"]
[White "Naegelein, Franz Albert"]
[Black "Schwirzer, Christoph"]
[Result "1-0"]
[WhiteElo "1854"]
[BlackElo "1777"]
[PlyCount "91"]
[EventDate "2004.10.24"]
[EventType "team-tourn"]
[EventRounds "9"]
[EventCountry "GER"]
[SourceTitle "EXT 2007"]
[Source "ChessBase"]
[SourceDate "2006.11.23"]
[SourceVersion "1"]
[SourceVersionDate "2006.11.23"]
[SourceQuality "1"]
[WhiteTeam "Postbauer Heng"]
[BlackTeam "Gunzenhausen"]
[WhiteTeamCountry "GER"]
[BlackTeamCountry "GER"]

1. e4 c6 2. d4 d5 3. exd5 cxd5 4. c4 e6 5. c5 Nf6 6. b4 Bd7 7. Bb2 g6 8. Nf3 Bg7 9. Bd3 0-0 10. 0-0 a6 11. Nc3 Nc6 12. a3 Re8 13. Na4 Ne7 14. Nb6 Rb8 15. a4 Nc8 16. Nxc8 Bxc8 17. b5 Nd7 18. Qc2 Qc7 19. Rfe1 f6 20. Bf1 Kh8 21. Qb3 f5 22. Rac1 Nf6 23. Ne5 Ne4 24. Nd3 axb5 25. axb5 Bd7 26. Rc2 Rf8 27. f3 Ng5 28. Qb4 Ra8 29. Bc1 Qa5 30. Bxg5 Qxb4 31. Nxb4 Bxd4+ 32. Be3 Bxe3+ 33. Rxe3 Ra4 34. c6 bxc6 35. bxc6 Bc8 36. Rb3 d4 37. Ra2 Rxa2 38. Nxa2 e5 39. Rb8 Kg7 40. Bd3 Re8 41. Nb4 e4 42. fxe4 fxe4 43. Bxe4 Rxe4 44. Rxc8 Kh6 45. Rd8 d3 46. Nxd3 1-0

[Event "Regionalliga NO 0405"]
[Site "Bayern"]
[Date "2005.01.16"]
[Round "5.7"]
[White "Gegenfurtner, Juergen"]
[Black "Naegelein, Franz Albert"]
[Result "1/2-1/2"]
[WhiteElo "1888"]
[BlackElo "1854"]
[PlyCount "35"]
[EventDate "2004.10.24"]
[EventType "team-tourn"]
[EventRounds "9"]
[EventCountry "GER"]
[SourceTitle "EXT 2007"]
[Source "ChessBase"]
[SourceDate "2006.11.23"]
[SourceVersion "1"]
[SourceVersionDate "2006.11.23"]
[SourceQuality "1"]
[WhiteTeam "Sinzing"]
[BlackTeam "Postbauer Heng"]
[WhiteTeamCountry "GER"]
[BlackTeamCountry "GER"]

1. e4 e6 2. d4 d5 3. Nc3 Nf6 4. Bg5 dxe4 5. Nxe4 Nbd7 6. Nf3 Be7 7. Nxf6+ Nxf6 8. Bd3 Bd7 9. 0-0 Bc6 10. c3 h6 11. Bh4 Qd5 12. Bxf6 Bxf6 13. Re1 Qd6 14. Be4 0-0 15. Bxc6 Qxc6 16. Qe2 Rad8 17. Rad1 Rd7 18. Ne5 1/2-1/2

[Event "Nuremberg Zabo op 06th"]
[Site "Nuremberg"]
[Date "2004.09.24"]
[Round "1"]
[White "Naegelein, Franz Albert"]
[Black "Narr, Irmgard"]
[Result "1-0"]
[WhiteElo "1851"]
[BlackElo "1450"]
[PlyCount "65"]
[EventDate "2004.09.24"]
[EventType "swiss"]
[EventRounds "5"]
[EventCountry "GER"]
[SourceTitle "EXT 2012"]
[Source "ChessBase"]
[SourceDate "2011.11.24"]
[SourceVersion "1"]
[SourceVersionDate "2011.11.24"]
[SourceQuality "1"]

1. e4 e6 2. d4 d5 3. exd5 exd5 4. Bd3 Nf6 5. Bf4 Be7 6. Nd2 c6 7. c3 Bg4 8. Qc2 0-0 9. Ngf3 Bxf3 10. Nxf3 Re8 11. 0-0-0 a5 12. g4 g6 13. Ne5 Bd6 14. f3 Nbd7 15. Rde1 a4 16. Kb1 Qc7 17. Nxd7 Nxd7 18. Rxe8+ Rxe8 19. Bxd6 Qxd6 20. Qxa4 b5 21. Qc2 Nb6 22. Qd2 Kg7 23. b3 Na8 24. f4 Nc7 25. f5 c5 26. Rf1 c4 27. Bc2 Qf6 28. Qf4 Qc6 29. fxg6 fxg6 30. Qf7+ Kh8 31. Rf6 Ne6 32. Bxg6 hxg6 33. Rxg6 1-0

[Event "Seebach op 15th"]
[Site "Grossenseebach"]
[Date "2004.06.17"]
[Round "1"]
[White "Stecher, Bernd"]
[Black "Naegelein, Franz Albert"]
[Result "0-1"]
[WhiteElo "1493"]
[BlackElo "1869"]
[PlyCount "92"]
[EventDate "2004.06.17"]
[EventType "swiss"]
[EventRounds "7"]
[EventCountry "GER"]
[SourceTitle "EXT 2018"]
[Source "ChessBase"]
[SourceDate "2017.10.13"]
[SourceVersion "1"]
[SourceVersionDate "2017.10.13"]
[SourceQuality "1"]

1. d4 d6 2. e4 g6 3. Nf3 Bg7 4. c3 Nd7 5. Bd3 Ngf6 6. 0-0 0-0 7. Re1 c6 8. e5 Nd5 9. exd6 exd6 10. Na3 N7b6 11. h3 Be6 12. Bd2 Qd7 13. Bf1 Nf6 14. Bf4 Nh5 15. Be3 Rae8 16. Ng5 h6 17. Nxe6 fxe6 18. Be2 Nf6 19. Qc2 g5 20. Rad1 Nfd5 21. Bg4 Qf7 22. Rd2 e5 23. b3 e4 24. Nb1 Nf6 25. Bd1 Nbd5 26. Qb2 Qg6 27. Qc1 Nxe3 28. fxe3 Nd5 29. g4 Qf6 30. Rg2 Ne7 31. Be2 d5 32. Rf1 Qd6 33. Qe1 Ng6 34. Rxf8+ Bxf8 35. Qg3 Qd8 36. Bd1 Bd6 37. Qe1 Nh4 38. Rc2 Bc7 39. Nd2 Rf8 40. Nf1 Nf3+ 41. Bxf3 Rxf3 42. Kg2 Qd6 43. Re2 h5 44. gxh5 Qe6 45. Kh1 Qxh3+ 46. Nh2 Bxh2 0-1

[Event "Nuremberg-ch op 02nd"]
[Site "Nuremberg"]
[Date "2002.06.23"]
[Round "4"]
[White "Naegelein, Franz Albert"]
[Black "Schmidt, Axel"]
[Result "1/2-1/2"]
[WhiteElo "2069"]
[BlackElo "1636"]
[PlyCount "81"]
[EventDate "2002.06.21"]
[EventType "swiss"]
[EventRounds "5"]
[EventCountry "GER"]
[SourceTitle "EXT 2006"]
[Source "ChessBase"]
[SourceDate "2005.11.24"]
[SourceVersion "1"]
[SourceVersionDate "2005.11.24"]
[SourceQuality "1"]

1. e4 e6 2. d4 d5 3. exd5 exd5 4. Bd3 Bd6 5. Nf3 Ne7 6. 0-0 0-0 7. Nc3 c6 8. Be3 Bf5 9. Re1 Re8 10. Bg5 Bxd3 11. Qxd3 f6 12. Bh4 Ng6 13. Bg3 Bxg3 14. Rxe8+ Qxe8 15. hxg3 Na6 16. Qf5 Qf7 17. g4 Re8 18. g3 Nc7 19. Kg2 Nf8 20. Rh1 Qg6 21. Nd1 Qxf5 22. gxf5 Re7 23. Ne3 Nd7 24. Rd1 Nb6 25. Nd2 Rd7 26. Kf3 Nb5 27. c3 Na4 28. Rb1 Kf7 29. Nb3 Nd6 30. Nd2 Nb5 31. g4 g6 32. Rh1 Kg7 33. fxg6 hxg6 34. Nd1 Re7 35. Nb3 Nd6 36. Nd2 Nb5 37. Nb1 Nd6 38. b3 Nb6 39. Nb2 Nf7 40. Rd1 Ng5+ 41. Kf4 1/2-1/2

[Event "Nuremberg-ch op 02nd"]
[Site "Nuremberg"]
[Date "2002.06.22"]
[Round "2"]
[White "Naegelein, Franz Albert"]
[Black "Seidl, Juergen"]
[Result "0-1"]
[WhiteElo "2069"]
[BlackElo "1748"]
[PlyCount "70"]
[EventDate "2002.06.21"]
[EventType "swiss"]
[EventRounds "5"]
[EventCountry "GER"]
[SourceTitle "EXT 2006"]
[Source "ChessBase"]
[SourceDate "2005.11.24"]
[SourceVersion "1"]
[SourceVersionDate "2005.11.24"]
[SourceQuality "1"]

1. e4 Nf6 2. e5 Nd5 3. c4 Nb6 4. d4 d6 5. exd6 exd6 6. Bd3 Nc6 7. Be3 g6 8. d5 Ne5 9. Bd4 Bg7 10. Ne2 Qh4 11. Bxe5 Bxe5 12. Qc2 0-0 13. Nd2 Bd7 14. Nf3 Qe7 15. Nxe5 dxe5 16. 0-0 f5 17. Nc3 c6 18. Rfe1 Rac8 19. Qb3 e4 20. Bf1 g5 21. d6 Qf7 22. c5 Be6 23. Qa3 Nc4 24. Bxc4 Bxc4 25. Qxa7 Rce8 26. Qa4 Bd3 27. Qd4 Qh5 28. Rad1 g4 29. g3 Re6 30. h4 gxh3 31. Rxd3 exd3 32. Rxe6 Qf3 33. Rg6+ hxg6 34. Qc4+ Rf7 35. d7 Qg2# 0-1